FARMER participatory research on coconut diversity : Workshop report on Methods and Field Protocols

Bibliographic Details
Corporate Author: International Plant Genetic Resources Institute (IPGRI)
Other Authors: Batugal, Eyzaguirre
Format: Book
Published: Bangkok : IPGRI , 1999
Subjects:

MARC

LEADER 00000cam a2200000 7i4500
001 0000001336
005 20140420.0
020 0 0 |a 9290434309 
090 0 0 |a 584.5   |b FAR 1999 
245 0 0 |a FARMER participatory research on coconut diversity :   |b Workshop report on Methods and Field Protocols   |c Pablo B. Eyzaguirre and Pons Batugal (editors) 
260 0 0 |a Bangkok :   |b IPGRI ,   |c 1999 
300 |a v, 120 p. :   |b ill. (some col.) ;   |c 30 cm. 
500 0 0 |a Bibliography : [p. 117-120] 
650 0 0 |a Coconut   |x Research   |x Congresses 
700 0 1 |a Batugal   |h Pons A. 
700 0 1 |a Eyzaguirre   |h Pablo B. 
710 1 1 |a International Plant Genetic Resources Institute (IPGRI) 
998 |a JPSM 
999 |a 0000002334   |b Monograph   |c Open Shelf   |e Default branch